Metallic materials properties development and standardization (MMPDS) : ‡b MMPDS-12, July 2017.
The Metallic Materials Properties Development and Standardization (MMPDS) Handbook is an accepted source for metallic material and fastener system allowables, recognized by the Federal Aviation Administration (FAA), all departments and agencies of the Department of Defense (DoD), and the National Ae...
Saved in:
| Corporate Author | |
|---|---|
| Format | Electronic eBook |
| Language | English |
| Published |
[Columbus, Ohio] :
Battelle Memorial Institute,
[2017]
|
| Subjects | |
| Online Access | Full text |
| ISBN | 9781523114412 152311441X |
| Physical Description | 1 online resource : illustrations |
Cover
| LEADER | 00000cam a2200000 i 4500 | ||
|---|---|---|---|
| 001 | kn-on1030122404 | ||
| 003 | OCoLC | ||
| 005 | 20240717213016.0 | ||
| 006 | m o d | ||
| 007 | cr cn||||||||| | ||
| 008 | 180401t20172017ohua obf 000 0 eng d | ||
| 040 | |a SINTU |b eng |e rda |e pn |c SINTU |d KNOVL |d CUS |d OCLCA |d STF |d MERER |d VLB |d OCLCQ |d COO |d CEF |d ERL |d LVT |d OCLCQ |d AAA |d OCLCO |d HNC |d OCLCQ |d OCL |d OCLCO | ||
| 020 | |a 9781523114412 |q (electronic bk.) | ||
| 020 | |a 152311441X |q (electronic bk.) | ||
| 035 | |a (OCoLC)1030122404 |z (OCoLC)1031712851 | ||
| 245 | 0 | 0 | |a Metallic materials properties development and standardization (MMPDS) : ‡b MMPDS-12, July 2017. |
| 246 | 3 | 0 | |a MMPDS-12 |
| 246 | 3 | 0 | |a Metallic materials properties development and standardization |
| 264 | 1 | |a [Columbus, Ohio] : |b Battelle Memorial Institute, |c [2017] | |
| 264 | 4 | |c ©2017 | |
| 300 | |a 1 online resource : |b illustrations | ||
| 336 | |a text |b txt |2 rdacontent | ||
| 337 | |a computer |b c |2 rdamedia | ||
| 338 | |a online resource |b cr |2 rdacarrier | ||
| 500 | |a "July 2017, V1.0." | ||
| 500 | |a "Supercedes MMPDS-11 and prior editions."--Disc surface | ||
| 500 | |a "Scientific source: metallic materials design data acceptable to government procuring or certification agencies."--Disc surface | ||
| 504 | |a Includes bibliographical references. | ||
| 505 | 0 | |a General -- Steel -- Aluminum -- Magnesium -- Titanium -- Heat-Resistant Alloys -- Miscellaneous Alloys and Hybrid Materials -- Structural Joints -- Guidelines for the Presentation of Data. | |
| 506 | |a Plný text je dostupný pouze z IP adres počítačů Univerzity Tomáše Bati ve Zlíně nebo vzdáleným přístupem pro zaměstnance a studenty | ||
| 520 | |a The Metallic Materials Properties Development and Standardization (MMPDS) Handbook is an accepted source for metallic material and fastener system allowables, recognized by the Federal Aviation Administration (FAA), all departments and agencies of the Department of Defense (DoD), and the National Aeronautics and Space Administration (NASA), within the limitations of the certification requirements of the specific government agency. 2017 saw the release of MMPDS-12, superseding MMPDS-11 and prior editions of the MMPDS, as well as all editions of its predecessor MIL-HDBK-5. The MMPDS Handbook is revised regularly to ensure that reliable, statistically-based design properties are available for as many mature materials and/or product forms as possible. Changes specific to this version, MMPDS-12, include: * Revision of modulus (chapter 5) * Re-evaluation of some fatigue curves (chapter 6) * Update of shear strength basis footnotes (chapter 8) * Changes in strain rate requirement for full range stress-strain curves (chapter 9) * Calculations of modulus for stress-strain curve analysis (chapter 9)--Provided by publisher. | ||
| 590 | |a Knovel |b Knovel (All titles) | ||
| 650 | 0 | |a Metals |x Specifications |v Handbooks, manuals, etc. | |
| 650 | 0 | |a Metals |x Standards |v Handbooks, manuals, etc. | |
| 650 | 0 | |a Airplanes |x Materials |x Specifications |v Handbooks, manuals, etc. | |
| 650 | 0 | |a Guided missiles |x Materials |x Specifications |v Handbooks, manuals, etc. | |
| 650 | 0 | |a Strength of materials |x Specifications |v Handbooks, manuals, etc. | |
| 650 | 0 | |a Metals |x Testing |v Handbooks, manuals, etc. | |
| 655 | 7 | |a elektronické knihy |7 fd186907 |2 czenas | |
| 655 | 9 | |a electronic books |2 eczenas | |
| 710 | 2 | |a Battelle Memorial Institute. |b Columbus Laboratories. | |
| 776 | 0 | 8 | |i Print version: |t MMPDS-12 |w (OCoLC)1013891216 |
| 856 | 4 | 0 | |u https://proxy.k.utb.cz/login?url=https://app.knovel.com/hotlink/toc/id:kpMMPDSM86/metallic-materials-properties?kpromoter=marc |y Full text |